000 00981nas a2200301 4500
001 BR0809424
003 BR-BrBNA
005 20231205112536.0
007 ta
008 230509b bl.|||p| |||| 00| 00por d
040 _aBR-BrBNA
_bpor
_cBiblioteca Nacional de Agricultura
041 _a(Pt)
072 _aF02
100 1 _aRibeiro, J.M.
100 1 _aTeixeira, S.L.
245 1 _aSubstituição de nitrato de potássio (PA)por salitre potássico no preparo de meio de cultura de tecidos vegetais esterizado com hipoclorito de sódio
650 _aPFAFFIA GLOMERATA
650 _aMACELA BRANCA
650 _aTECIDO VEGETAL
650 _aMEIO DE CULTURA
650 _aNITRATO DE POTÁSSIO
650 _aMICROPROPAGAÇÃO
650 _aSAIS MINERAIS
650 _aFORMULAÇÃO
773 0 _tCiência e Agrotecnologia (Brazil)
_xISSN 1413-7054
_g(Jul-Aug 2008), v. 32(4) p. 1209-1213
_wBR0809424
909 _a202311
_bLúcia
_c55
_dLúcia Elande
942 _2AGRIS
_n0
_cANA
999 _c198587
_d198587